<?xml version="1.0" encoding="UTF-8"?>
<record
    xmlns:xsi="http://www.w3.org/2001/XMLSchema-instance"
    xsi:schemaLocation="http://www.loc.gov/MARC21/slim http://www.loc.gov/standards/marcxml/schema/MARC21slim.xsd"
    xmlns="http://www.loc.gov/MARC21/slim">

  <leader>00386nam a22001337a 4500</leader>
  <datafield tag="020" ind1=" " ind2=" ">
    <subfield code="a">9787119119441</subfield>
  </datafield>
  <datafield tag="082" ind1=" " ind2=" ">
    <subfield code="a">333.7914</subfield>
  </datafield>
  <datafield tag="100" ind1=" " ind2=" ">
    <subfield code="a">Zhou, Dadi</subfield>
  </datafield>
  <datafield tag="245" ind1=" " ind2=" ">
    <subfield code="a">Toward a green and low-carbon future : China's energy strategy</subfield>
    <subfield code="c">Zhou Dadi</subfield>
  </datafield>
  <datafield tag="260" ind1=" " ind2=" ">
    <subfield code="a">China</subfield>
    <subfield code="b">Foreign Language Press</subfield>
    <subfield code="c">2019</subfield>
  </datafield>
  <datafield tag="300" ind1=" " ind2=" ">
    <subfield code="a">377p</subfield>
  </datafield>
  <datafield tag="942" ind1=" " ind2=" ">
    <subfield code="2">ddc</subfield>
    <subfield code="c">BK</subfield>
  </datafield>
  <datafield tag="999" ind1=" " ind2=" ">
    <subfield code="c">586534</subfield>
    <subfield code="d">586534</subfield>
  </datafield>
  <datafield tag="952" ind1=" " ind2=" ">
    <subfield code="0">0</subfield>
    <subfield code="1">0</subfield>
    <subfield code="2">ddc</subfield>
    <subfield code="3">Donated by Chinese embassy in Pakistan</subfield>
    <subfield code="4">0</subfield>
    <subfield code="6">333_791400000000000_DAD</subfield>
    <subfield code="7">0</subfield>
    <subfield code="9">574295</subfield>
    <subfield code="a">CL</subfield>
    <subfield code="b">CL</subfield>
    <subfield code="c">CHIST</subfield>
    <subfield code="d">2021-10-14</subfield>
    <subfield code="o">333.7914 DAD</subfield>
    <subfield code="p">CL-D-1303</subfield>
    <subfield code="r">2021-10-14</subfield>
    <subfield code="w">2021-10-14</subfield>
    <subfield code="y">BK</subfield>
  </datafield>
  <datafield tag="952" ind1=" " ind2=" ">
    <subfield code="0">0</subfield>
    <subfield code="1">0</subfield>
    <subfield code="2">ddc</subfield>
    <subfield code="3">Donated by Chinese embassy in Pakistan</subfield>
    <subfield code="4">0</subfield>
    <subfield code="6">333_791400000000000_DAD</subfield>
    <subfield code="7">0</subfield>
    <subfield code="9">574296</subfield>
    <subfield code="a">CL</subfield>
    <subfield code="b">CL</subfield>
    <subfield code="c">CHIST</subfield>
    <subfield code="d">2021-10-14</subfield>
    <subfield code="o">333.7914 DAD</subfield>
    <subfield code="p">CL-D-1304</subfield>
    <subfield code="r">2021-10-14</subfield>
    <subfield code="w">2021-10-14</subfield>
    <subfield code="y">BK</subfield>
  </datafield>
</record>
